000 00484nmm a2200169Ia 4500
008 251105s9999||||xx |||||||||||||||||und||
020 _a9789560000989
041 _aspa
100 _aRojas, Paz
245 0 _aLa interminable ausencia
264 _a[Santiago de Chile, Chile] :
_bLOM Ediciones,
_c2009
300 _a210 páginas
490 _aCiencias Sociales y Humanas
650 _aPhilosophy, Ethics
856 _uhttps://public.digitaliapublishing.com/a/13132
942 _cCF
999 _c93405
_d93405